000
00326nam a2200133Ia 4500
008
230917s9999||||xx |||||||||||||| ||und||
040
_e
222472
_a
MAIN
041
_a
English
082
_a
340 Y1D
100
_a
Yadav, Hari Ram
245
0
_a
Doctrine of ultra vires under companies act 1956
300
_a
368 p.
942
_c
TH
999
_c
125943
_d
125943